000
00293nam a22001337a 4500
008
170919b xxu||||| |||| 00| 0 eng d
020
_a
13027075
041
_a
eng
080
_a
7
100
_a
44
101
_a
ART
245
_a
PRINCIPLES OF ART HISTORY
_c
WOLFLIN.H
942
_2
udc
_c
BK
999
_c
28219
_d
28219